000 00877nam a2200181 a 4500
001 000035847
005 20200930074648.0
008 111115s1960 fr 000 0 fre d
040 _aDO-SdBNP
_bspa
_cBNPHU
082 _axxx
_bF219p
100 1 _aFarau, Alfred
_961823
245 1 3 _aLa psychologie des profondeurs :
_bDes origines a nos jours /
_cAlfred Farau, Herbert Schaffer.
260 _aParis :
_bPayot,
_c1960.
300 _a215 p. ;
_c23 cm.
500 _aLes precurseurs de Freud. - Freud et la psychanalyse. - Adler et la psychologie individuelle comparée. - C. G. Jung. - Les écoles mineures.- L´analyse existentielle. - Réflexologie et intentionnalité.- Les méthodes. - La thérapie sociale.- La psychiatrie.- La médecine psychosomatique
590 _aPerteneció a la biblioteca personal de Juan Isidro Jimenes Grullón
700 1 _aSchaffer, Herbert
_961824
999 _c35338
_d35338